Statistics for Country by Photo of its World Heritage Site

Click here to take the quiz!

General Stats

  • This quiz has been taken 607 times
    (33 since last reset)
  • The average score is 8 of 10

Answer Stats

Answer% Correct
Australia
97%
Peru
97%
Chile
94%
United States
87%
Indonesia
81%
Czech Republic
77%
Cuba
74%
Switzerland
74%
United Kingdom
55%
Russia
35%

Score Distribution

Percentile by Number Answered

Percent of People with Each Score

Your Score History

You have not taken this quiz since the last reset